<?xml version="1.0" encoding="UTF-8"?>
<record
    xmlns:xsi="http://www.w3.org/2001/XMLSchema-instance"
    xsi:schemaLocation="http://www.loc.gov/MARC21/slim http://www.loc.gov/standards/marcxml/schema/MARC21slim.xsd"
    xmlns="http://www.loc.gov/MARC21/slim">

  <leader>02871nam0a2200445   4500</leader>
  <controlfield tag="001">RU\NLR\bibl\1372304</controlfield>
  <controlfield tag="005">20250615190754.0</controlfield>
  <datafield tag="010" ind1=" " ind2=" ">
    <subfield code="a">978-5-9914-0055-8</subfield>
    <subfield code="9">500</subfield>
  </datafield>
  <datafield tag="021" ind1=" " ind2=" ">
    <subfield code="a">RU</subfield>
    <subfield code="b">2009-23112</subfield>
    <subfield code="9">1366</subfield>
  </datafield>
  <datafield tag="035" ind1=" " ind2=" ">
    <subfield code="a">(nilc)RSL-KNO-004270743</subfield>
  </datafield>
  <datafield tag="035" ind1=" " ind2=" ">
    <subfield code="a">(NLR Aleph) 001364432</subfield>
  </datafield>
  <datafield tag="090" ind1=" " ind2=" ">
    <subfield code="a">1001870</subfield>
    <subfield code="c">1001870</subfield>
  </datafield>
  <datafield tag="100" ind1=" " ind2=" ">
    <subfield code="a">20090318d2008    |||y0rusy50      ca</subfield>
  </datafield>
  <datafield tag="101" ind1="0" ind2=" ">
    <subfield code="a">rus</subfield>
  </datafield>
  <datafield tag="102" ind1=" " ind2=" ">
    <subfield code="a">RU</subfield>
  </datafield>
  <datafield tag="105" ind1=" " ind2=" ">
    <subfield code="a">y   |||||||||</subfield>
  </datafield>
  <datafield tag="200" ind1="1" ind2=" ">
    <subfield code="a">&#x41F;&#x43E;&#x43B;&#x438;&#x442;&#x438;&#x447;&#x435;&#x441;&#x43A;&#x438;&#x435; &#x43F;&#x430;&#x440;&#x442;&#x438;&#x438; &#x420;&#x43E;&#x441;&#x441;&#x438;&#x438; &#x432; &#x431;&#x43E;&#x440;&#x44C;&#x431;&#x435; &#x437;&#x430; &#x432;&#x43B;&#x430;&#x441;&#x442;&#x44C; (1905-1922 &#x433;.)</subfield>
    <subfield code="f">&#x421;.&#x412;. &#x425;&#x43E;&#x43B;&#x44F;&#x435;&#x432;</subfield>
  </datafield>
  <datafield tag="210" ind1=" " ind2=" ">
    <subfield code="a">&#x42F;&#x440;&#x43E;&#x441;&#x43B;&#x430;&#x432;&#x43B;&#x44C;</subfield>
    <subfield code="c">&#x418;&#x437;&#x434;-&#x432;&#x43E; &#x42F;&#x413;&#x422;&#x423;</subfield>
    <subfield code="d">2008</subfield>
  </datafield>
  <datafield tag="215" ind1=" " ind2=" ">
    <subfield code="a">248 &#x441;.</subfield>
    <subfield code="d">20</subfield>
  </datafield>
  <datafield tag="320" ind1=" " ind2=" ">
    <subfield code="a">&#x411;&#x438;&#x431;&#x43B;&#x438;&#x43E;&#x433;&#x440;.: &#x441;. 220-248</subfield>
  </datafield>
  <datafield tag="606" ind1="1" ind2=" ">
    <subfield code="a">&#x41F;&#x43E;&#x43B;&#x438;&#x442;&#x438;&#x447;&#x435;&#x441;&#x43A;&#x438;&#x435; &#x43F;&#x430;&#x440;&#x442;&#x438;&#x438;</subfield>
    <subfield code="x">&#x418;&#x441;&#x442;&#x43E;&#x440;&#x438;&#x44F;</subfield>
    <subfield code="y">&#x420;&#x43E;&#x441;&#x441;&#x438;&#x44F;</subfield>
    <subfield code="z">1905 - 1922</subfield>
    <subfield code="9">2578889</subfield>
    <subfield code="3">RU\NLR\auth\661524647</subfield>
  </datafield>
  <datafield tag="610" ind1="0" ind2=" ">
    <subfield code="a">&#x41F;&#x43E;&#x43B;&#x438;&#x442;&#x438;&#x447;&#x435;&#x441;&#x43A;&#x438;&#x435; &#x43F;&#x430;&#x440;&#x442;&#x438;&#x438; -- &#x41F;&#x43E;&#x43B;&#x438;&#x442;&#x438;&#x447;&#x435;&#x441;&#x43A;&#x438;&#x435; &#x43F;&#x430;&#x440;&#x442;&#x438;&#x438; &#x43E;&#x442;&#x434;&#x435;&#x43B;&#x44C;&#x43D;&#x44B;&#x445; &#x441;&#x442;&#x440;&#x430;&#x43D; -- &#x41F;&#x43E;&#x43B;&#x438;&#x442;&#x438;&#x447;&#x435;&#x441;&#x43A;&#x438;&#x435; &#x43F;&#x430;&#x440;&#x442;&#x438;&#x438;, &#x441;&#x443;&#x449;&#x435;&#x441;&#x442;&#x432;&#x43E;&#x432;&#x430;&#x432;&#x448;&#x438;&#x435; &#x43D;&#x430; &#x442;&#x435;&#x440;&#x440;&#x438;&#x442;&#x43E;&#x440;&#x438;&#x438; &#x421;&#x421;&#x421;&#x420;</subfield>
  </datafield>
  <datafield tag="610" ind1="0" ind2=" ">
    <subfield code="a">&#x41F;&#x43E;&#x43B;&#x438;&#x442;&#x438;&#x447;&#x435;&#x441;&#x43A;&#x438;&#x435; &#x43F;&#x430;&#x440;&#x442;&#x438;&#x438; -- &#x41A;&#x43E;&#x43C;&#x43C;&#x443;&#x43D;&#x438;&#x441;&#x442;&#x438;&#x447;&#x435;&#x441;&#x43A;&#x438;&#x435; &#x438; &#x440;&#x430;&#x431;&#x43E;&#x447;&#x438;&#x435; &#x43F;&#x430;&#x440;&#x442;&#x438;&#x438; -- &#x41A;&#x41F;&#x421;&#x421; -- &#x418;&#x441;&#x442;&#x43E;&#x440;&#x438;&#x44F;</subfield>
  </datafield>
  <datafield tag="610" ind1="0" ind2=" ">
    <subfield code="a">&#x418;&#x441;&#x442;&#x43E;&#x440;&#x438;&#x44F;. &#x418;&#x441;&#x442;&#x43E;&#x440;&#x438;&#x447;&#x435;&#x441;&#x43A;&#x438;&#x435; &#x43D;&#x430;&#x443;&#x43A;&#x438; -- &#x420;&#x43E;&#x441;&#x441;&#x438;&#x44F; -- &#x41F;&#x435;&#x440;&#x438;&#x43E;&#x434; &#x438;&#x43C;&#x43F;&#x435;&#x440;&#x438;&#x430;&#x43B;&#x438;&#x437;&#x43C;&#x430; (2 &#x43F;&#x43E;&#x43B;. 90-&#x445; &#x433;&#x433;. 19 &#x432;.-1917 &#x433;.) -- &#x41A;&#x43B;&#x430;&#x441;&#x441;&#x43E;&#x432;&#x430;&#x44F; &#x431;&#x43E;&#x440;&#x44C;&#x431;&#x430;. &#x41E;&#x431;&#x449;&#x435;&#x441;&#x442;&#x432;&#x435;&#x43D;&#x43D;&#x43E;-&#x43F;&#x43E;&#x43B;&#x438;&#x442;&#x438;&#x447;&#x435;&#x441;&#x43A;&#x438;&#x435; &#x434;&#x432;&#x438;&#x436;&#x435;&#x43D;&#x438;&#x44F; -- &#x41F;&#x43E;&#x43B;&#x438;&#x442;&#x438;&#x447;&#x435;&#x441;&#x43A;&#x438;&#x435; &#x43F;&#x430;&#x440;&#x442;&#x438;&#x438; &#x438; &#x43E;&#x440;&#x433;&#x430;&#x43D;&#x438;&#x437;&#x430;&#x446;&#x438;&#x438;</subfield>
  </datafield>
  <datafield tag="610" ind1="0" ind2=" ">
    <subfield code="a">&#x418;&#x441;&#x442;&#x43E;&#x440;&#x438;&#x44F;. &#x418;&#x441;&#x442;&#x43E;&#x440;&#x438;&#x447;&#x435;&#x441;&#x43A;&#x438;&#x435; &#x43D;&#x430;&#x443;&#x43A;&#x438; -- &#x421;&#x421;&#x421;&#x420; -- &#x41F;&#x435;&#x440;&#x438;&#x43E;&#x434; &#x43F;&#x43E;&#x431;&#x435;&#x434;&#x44B; &#x43F;&#x440;&#x43E;&#x43B;&#x435;&#x442;&#x430;&#x440;&#x441;&#x43A;&#x43E;&#x439; &#x440;&#x435;&#x432;&#x43E;&#x43B;&#x44E;&#x446;&#x438;&#x438; &#x438; &#x43F;&#x43E;&#x441;&#x442;&#x440;&#x43E;&#x435;&#x43D;&#x438;&#x44F; &#x441;&#x43E;&#x446;&#x438;&#x430;&#x43B;&#x438;&#x437;&#x43C;&#x430; &#x432; &#x421;&#x421;&#x421;&#x420; (1917-1937) -- &#x41A;&#x43B;&#x430;&#x441;&#x441;&#x43E;&#x432;&#x430;&#x44F; &#x431;&#x43E;&#x440;&#x44C;&#x431;&#x430; -- &#x41A;&#x43E;&#x43D;&#x442;&#x440;&#x440;&#x435;&#x432;&#x43E;&#x43B;&#x44E;&#x446;&#x438;&#x44F; &#x438; &#x431;&#x43E;&#x440;&#x44C;&#x431;&#x430; &#x441; &#x43D;&#x435;&#x439; -- &#x41A;&#x43E;&#x43D;&#x442;&#x440;&#x440;&#x435;&#x432;&#x43E;&#x43B;&#x44E;&#x446;&#x438;&#x43E;&#x43D;&#x43D;&#x44B;&#x435; &#x43F;&#x430;&#x440;&#x442;&#x438;&#x438; &#x438; &#x43E;&#x440;&#x433;&#x430;&#x43D;&#x438;&#x437;&#x430;&#x446;&#x438;&#x438;</subfield>
  </datafield>
  <datafield tag="610" ind1="0" ind2=" ">
    <subfield code="a">&#x418;&#x441;&#x442;&#x43E;&#x440;&#x438;&#x44F;. &#x418;&#x441;&#x442;&#x43E;&#x440;&#x438;&#x447;&#x435;&#x441;&#x43A;&#x438;&#x435; &#x43D;&#x430;&#x443;&#x43A;&#x438; -- &#x421;&#x421;&#x421;&#x420; -- &#x41F;&#x435;&#x440;&#x438;&#x43E;&#x434; &#x43F;&#x43E;&#x431;&#x435;&#x434;&#x44B; &#x43F;&#x440;&#x43E;&#x43B;&#x435;&#x442;&#x430;&#x440;&#x441;&#x43A;&#x43E;&#x439; &#x440;&#x435;&#x432;&#x43E;&#x43B;&#x44E;&#x446;&#x438;&#x438; &#x438; &#x43F;&#x43E;&#x441;&#x442;&#x440;&#x43E;&#x435;&#x43D;&#x438;&#x44F; &#x441;&#x43E;&#x446;&#x438;&#x430;&#x43B;&#x438;&#x437;&#x43C;&#x430; &#x432; &#x421;&#x421;&#x421;&#x420; (1917-1937) -- &#x41F;&#x43E;&#x43B;&#x438;&#x442;&#x438;&#x447;&#x435;&#x441;&#x43A;&#x438;&#x439; &#x441;&#x442;&#x440;&#x43E;&#x439;. &#x41E;&#x431;&#x449;&#x435;&#x441;&#x442;&#x432;&#x435;&#x43D;&#x43D;&#x43E;-&#x43F;&#x43E;&#x43B;&#x438;&#x442;&#x438;&#x447;&#x435;&#x441;&#x43A;&#x438;&#x435; &#x43E;&#x440;&#x433;&#x430;&#x43D;&#x438;&#x437;&#x430;&#x446;&#x438;&#x438;. &#x41F;&#x43E;&#x43B;&#x438;&#x442;&#x438;&#x447;&#x435;&#x441;&#x43A;&#x430;&#x44F; &#x430;&#x43A;&#x442;&#x438;&#x432;&#x43D;&#x43E;&#x441;&#x442;&#x44C; &#x442;&#x440;&#x443;&#x434;&#x44F;&#x449;&#x438;&#x445;&#x441;&#x44F; -- &#x41A;&#x43E;&#x43C;&#x43C;&#x443;&#x43D;&#x438;&#x441;&#x442;&#x438;&#x447;&#x435;&#x441;&#x43A;&#x430;&#x44F; &#x43F;&#x430;&#x440;&#x442;&#x438;&#x44F;</subfield>
  </datafield>
  <datafield tag="686" ind1=" " ind2=" ">
    <subfield code="a">&#x424;69(2),02</subfield>
    <subfield code="2">rubbk</subfield>
  </datafield>
  <datafield tag="686" ind1=" " ind2=" ">
    <subfield code="a">&#x424;61(2)2,02</subfield>
    <subfield code="2">rubbk</subfield>
  </datafield>
  <datafield tag="686" ind1=" " ind2=" ">
    <subfield code="a">&#x422;3(2)52-48,02</subfield>
    <subfield code="2">rubbk</subfield>
  </datafield>
  <datafield tag="686" ind1=" " ind2=" ">
    <subfield code="a">&#x422;3(2)71-496,02</subfield>
    <subfield code="2">rubbk</subfield>
  </datafield>
  <datafield tag="686" ind1=" " ind2=" ">
    <subfield code="a">&#x422;3(2)71-30,02</subfield>
    <subfield code="2">rubbk</subfield>
  </datafield>
  <datafield tag="686" ind1=" " ind2=" ">
    <subfield code="a">&#x424;69(2)</subfield>
  </datafield>
  <datafield tag="700" ind1=" " ind2="1">
    <subfield code="a">&#x425;&#x43E;&#x43B;&#x44F;&#x435;&#x432;</subfield>
    <subfield code="b">&#x421;. &#x412;.</subfield>
    <subfield code="g">&#x421;&#x435;&#x440;&#x433;&#x435;&#x439; &#x412;&#x43B;&#x430;&#x434;&#x438;&#x43C;&#x438;&#x440;&#x43E;&#x432;&#x438;&#x447;</subfield>
    <subfield code="4">070</subfield>
  </datafield>
  <datafield tag="801" ind1=" " ind2="0">
    <subfield code="a">RU</subfield>
    <subfield code="b">&#x420;&#x41A;&#x41F;</subfield>
    <subfield code="c">20090318</subfield>
    <subfield code="g">rcr</subfield>
  </datafield>
  <datafield tag="801" ind1=" " ind2="1">
    <subfield code="a">RU</subfield>
    <subfield code="b">&#x420;&#x413;&#x411;</subfield>
    <subfield code="c">20090318</subfield>
  </datafield>
  <datafield tag="801" ind1=" " ind2="2">
    <subfield code="a">RU</subfield>
    <subfield code="b">NLR</subfield>
    <subfield code="c">20090521</subfield>
    <subfield code="g">rcr</subfield>
  </datafield>
  <datafield tag="830" ind1=" " ind2=" ">
    <subfield code="a">&#x430;&#x432;&#x442;. &#x43F;&#x43E; &#x42D;&#x41A;</subfield>
  </datafield>
  <datafield tag="942" ind1=" " ind2=" ">
    <subfield code="c">BOOK</subfield>
  </datafield>
  <datafield tag="980" ind1=" " ind2=" ">
    <subfield code="a">NB</subfield>
  </datafield>
  <datafield tag="995" ind1=" " ind2=" ">
    <subfield code="5">2009-05-21</subfield>
    <subfield code="a">ad</subfield>
    <subfield code="b">NLR01</subfield>
    <subfield code="c">NLR01</subfield>
    <subfield code="e">RF9</subfield>
    <subfield code="f">1-1584203</subfield>
    <subfield code="k">2009-3/16778</subfield>
    <subfield code="o">0</subfield>
    <subfield code="r">BOOK</subfield>
    <subfield code="s">2009316778_</subfield>
  </datafield>
  <datafield tag="995" ind1=" " ind2=" ">
    <subfield code="5">2009-05-21</subfield>
    <subfield code="a">ad</subfield>
    <subfield code="b">NLR01</subfield>
    <subfield code="c">NLR01</subfield>
    <subfield code="e">RF9</subfield>
    <subfield code="f">2925151</subfield>
    <subfield code="k">2009-3/16778</subfield>
    <subfield code="o">0</subfield>
    <subfield code="r">BOOK</subfield>
    <subfield code="s">2009316778_</subfield>
  </datafield>
</record>
